000 00863cab a2200325 4500
001 ABS55307
008 090401t1996 xxu||||| |||| 00| 0 eng d
035 _a(Sirsi) u15629
041 _aeng
245 _aFocus `96: Lancashire and Cumbria
260 _c1996
350 _a0
490 _aEstates Gazette
_v(9525) 22 June 1996, 135-156(13)
650 _aBARROW-IN-FURNESS
650 _aBLACKPOOL
650 _aBURNLEY
650 _aBUSINESS PARKS
650 _aCARLISLE
650 _aCUMBRIA
650 _aINDUSTRIAL MARKET
650 _aKENDAL
650 _aLANCASHIRE
650 _aLANCASTER
650 _aM65 CORRIDOR
650 _aPROPERTY-COMMERCIAL PROPERTY-OFFICE PROPERTY-OFFICE PROPERTY MARKET
650 _aPRESTON
690 _aPROPERTY-COMMERCIAL PROPERTY-COMMERCIAL PROPERTY MARKET
942 _n0
948 _c04/03/1997
999 _c10274
_d10274